LEADER 01096nam0 22002893i 450 001 SUN0122367 005 20190704105746.463 010 $d0.00 017 70$2N$a978-981-10-8034-0 100 $a20190704d2018 |0engc50 ba 101 $aeng 102 $aSG 105 $a|||| ||||| 200 1 $aAn *Applied Psychology Readings$eSelected Papers from Singapore Conference on Applied Psychology, 2017$fMan-Tak Leung, Lee-Ming Tan editors 205 $aSingapore : Springer, 2018 210 $axv$d344 p. ; 24 cm 215 $aPubblicazione in formato elettronico 620 $aSG$dSingapore$3SUNL000061 702 1$aLeung$b, Man-Tak$3SUNV093989 702 1$aTan$b, Lee-Ming$3SUNV093992 712 $aSpringer$3SUNV000178$4650 801 $aIT$bSOL$c20200921$gRICA 856 4 $uhttp://link.springer.com/openurl?genre=book&isbn=978-981-10-8034-0 912 $aSUN0122367 950 $aBIBLIOTECA CENTRO DI SERVIZIO SBA$d15CONS SBA EBOOK 3978 $e15EB 3978 20190704 996 $aApplied Psychology Readings$91554641 997 $aUNICAMPANIA